LEADER 01082cam0-2200337---450- 001 990005809490403321 005 20140429114314.0 010 $a88-7514-650-0 035 $a000580949 035 $aFED01000580949 035 $a(Aleph)000580949FED01 035 $a000580949 100 $a19990604d1993----km-y0itay50------ba 101 0 $aita 102 $aIT 105 $aa-------001yy 200 1 $a<>Navigatio Sancti Brendani e la sua fortuna nella cultura romanza dell'età di mezzo$fRenata Anna Bartoli 210 $aFasano$cSchena$dc1993 215 $a436 p.$d22 cm 225 1 $aBiblioteca della ricerca. Medio Evo di Francia$v4 610 0 $aNavigatio sancti Brendani$aFortuna$aSec. 12.-15. 676 $a270.2092 676 $a841.1 700 1$aBartoli,$bRenata Anna$0220806 801 0$aIT$bUNINA$gRICA$2UNIMARC 901 $aBK 912 $a990005809490403321 952 $a270.209 BAR 1$bDIP.FIL.MOD. 6467$fFLFBC 959 $aFLFBC 996 $aNavigatio Sancti Brendani e la sua fortuna nella cultura romanza dell'età di mezzo$9568665 997 $aUNINA LEADER 01646nam0 22003493i 450 001 FER0187375 005 20231121125503.0 010 $a8882123863 100 $a20120323d2002 ||||0itac50 ba 101 | $aita$amul 102 $ait 181 1$6z01$ai $bxxxe 182 1$6z01$an 200 1 $a˜Il œmio Piemonte$fSebastiano Vassalli$gfotografie di Carlo Pessina$gcon traduzione inglese, tedesca e francese 210 $aNovara$cInterlinea$d2002 215 $a162 p.$cill.$d31 cm. 330 $aCon Il mio Piemonte l'autore offre l'immagine di una regione viva e attuale. La penna di Sebastiano Vassalli, accompagnata da oltre cento suggestive fotografie a colori di Carlo Pessina, descrive gli scenari a lui più cari di un territorio che affonda le radici nel passato ed è proiettato nel futuro. In queste pagine il Piemonte è raccontato come una dimensione dello spirito da riscoprire. I testi sono presentati in italiano, inglese, tedesco e francese. 510 1 $aMy Piedmont.$9FER0187376 510 1 $aMein Piemont.$9FER0187377 510 1 $aMon Piemont.$9FER0187378 606 $aPiemonte$2FIR$3RMLC080954$9I 676 $a914.51$9$v21 700 1$aVassalli$b, Sebastiano$f <1941-2015>$3CFIV007958$4070$0153434 702 1$aPessina$b, Carlo$3CFIV118646 801 3$aIT$bIT-01$c20120323 850 $aIT-FR0017 899 $aBiblioteca umanistica Giorgio Aprea$bFR0017 912 $aFER0187375 950 0$aBiblioteca umanistica Giorgio Aprea$d 52MAG 4/370$e 52SBA0000137845 VMB RS $fA $i20120323 977 $a 52 996 $aMio Piemonte$93606917 997 $aUNICAS